| 000 | 00559nam a2200181Ia 4500 | ||
|---|---|---|---|
| 003 | GCL | ||
| 008 | 140319s9999 xx 000 0 ara d | ||
| 040 |
_aGCL / _cGCL |
||
| 082 | 0 | 4 |
_aط _b813.02 _bط م |
| 100 | 1 | _aطارق ربيع | |
| 245 | 1 | 0 |
_aالمفكر الصغير : الثعلب الجائع / _cطارق ربيع |
| 260 |
_aسوريا : _bدار ربيع للنشر ، _c2004 |
||
| 300 |
_a ؛ _c19 سم |
||
| 490 |
_aالمفكر الصغير _v0 |
||
| 650 | 0 | 4 | _aالقصص القصيرة |
| 650 | 0 | 4 | _aقصص الاطفال |
| 942 |
_2ddc _cBK |
||
| 999 |
_c10026 _d10026 |
||